[Event "CZE-chT1W 1920"]
[Site "Czech Republic"]
[Date "2019.12.08"]
[Round "4.6"]
[White "Vybiral, Zdenek"]
[Black "Hrdina, Robin"]
[Result "0-1"]
[WhiteElo "2213"]
[BlackElo "2222"]
[PlyCount "80"]
[EventDate "2019.10.20"]
[EventType "team-tourn"]
[EventRounds "11"]
[EventCountry "CZE"]
[SourceTitle "CBM 193 Extra"]
[Source "ChessBase"]
[SourceDate "2020.01.31"]
[SourceVersion "1"]
[SourceVersionDate "2020.01.31"]
[SourceQuality "1"]
[WhiteTeam "Ceske Budejovice"]
[BlackTeam "Vlasim Spartak"]
[WhiteTeamCountry "CZE"]
[BlackTeamCountry "CZE"]

1. d4 d5 2. c4 e6 3. Nc3 Nf6 4. cxd5 exd5 5. Bg5 c6 6. e3 Be7 7. Bd3 Nbd7 8. Qc2 h6 9. Bf4 Nh5 10. Be5 Nxe5 11. dxe5 d4 12. exd4 Qxd4 13. Nf3 Qb6 14. 0-0-0 Nf4 15. Bc4 Be6 16. Qe4 Bxc4 17. Qxc4 Ne6 18. Nd4 Nxd4 19. Rxd4 0-0 20. Rd7 Qxf2 21. Rxe7 Qxg2 22. Rf1 Qg5+ 23. Qf4 Qxe7 24. Ne4 Qe6 25. Rg1 Kh7 26. Nd6 f5 27. h4 Rae8 28. Nxe8 Rxe8 29. Re1 g6 30. Qa4 a6 31. Qb4 Re7 32. Kb1 Kg7 33. Qc5 Rd7 34. Qa7 Qd5 35. a3 Qd2 36. Rc1 Qd4 37. Qb8 Re7 38. Re1 Qxh4 39. Re2 Qd4 40. Kc1 Rd7 0-1

[Event "CZE-chT2A 1920"]
[Site "Czech Republic"]
[Date "2019.11.03"]
[Round "2.1"]
[White "Vybiral, Zdenek"]
[Black "Sokolov, Alexander"]
[Result "0-1"]
[WhiteElo "2231"]
[BlackElo "2363"]
[PlyCount "78"]
[EventDate "2019.10.13"]
[EventType "team-tourn"]
[EventRounds "11"]
[EventCountry "CZE"]
[SourceTitle "EXT 2024"]
[Source "ChessBase"]
[SourceDate "2023.10.10"]
[SourceVersion "1"]
[SourceVersionDate "2023.10.10"]
[SourceQuality "1"]
[WhiteTeam "Tabor"]
[BlackTeam "Pankrac II"]
[WhiteTeamCountry "CZE"]
[BlackTeamCountry "CZE"]

1. d4 Nf6 2. c4 g6 3. Nc3 Bg7 4. e4 d6 5. Nf3 0-0 6. Be2 e5 7. Be3 h6 8. dxe5 Ng4 9. Bf4 Nxe5 10. Qd2 Kh7 11. 0-0-0 Nbc6 12. h3 Nxf3 13. gxf3 Nd4 14. Be3 c5 15. h4 h5 16. f4 Qa5 17. Kb1 Be6 18. f5 Bd7 19. f6 Bh8 20. Bg5 Rfe8 21. Bd3 Bc6 22. f4 Qd8 23. Rhf1 Bxf6 24. f5 Bxg5 25. hxg5 Rf8 26. Rf2 Qe7 27. Rdf1 Rae8 28. Qf4 Kg8 29. Nd5 Bxd5 30. exd5 Qe3 31. Qxe3 Rxe3 32. Bc2 Rfe8 33. fxg6 Re1+ 34. Bd1 fxg6 35. Rxe1 Rxe1 36. Kc1 Kg7 37. Rf6 Nf5 38. Kd2 Rg1 39. Bxh5 Rxg5 0-1

[Event "CZE-ch"]
[Site "Ostrava"]
[Date "2019.05.01"]
[Round "5"]
[White "Kanakova, Natalie"]
[Black "Vybiral, Zdenek"]
[Result "1/2-1/2"]
[WhiteElo "2202"]
[BlackElo "2274"]
[PlyCount "65"]
[EventDate "2019.04.27"]
[EventType "swiss"]
[EventRounds "9"]
[EventCountry "CZE"]
[SourceTitle "CBM 190 Extra"]
[Source "ChessBase"]
[SourceDate "2019.07.15"]
[SourceVersion "1"]
[SourceVersionDate "2019.07.15"]
[SourceQuality "1"]

1. e4 e6 2. d4 d5 3. Nd2 a6 4. Ngf3 c5 5. c3 Nc6 6. Bd3 cxd4 7. cxd4 dxe4 8. Nxe4 Bb4+ 9. Nc3 Nf6 10. 0-0 0-0 11. a3 Be7 12. Bc2 b5 13. Qd3 Bb7 14. Bg5 g6 15. b4 Qb6 16. Rfd1 Rfd8 17. Be3 Qc7 18. Bb3 Rd7 19. Rac1 Rad8 20. Qe2 Qb8 21. h3 Qa8 22. Ng5 Rd6 23. Rd2 Bf8 24. Nge4 Nxe4 25. Nxe4 Nxd4 26. Nf6+ Kh8 27. Bxd4 Rxd4 28. Rxd4 Rxd4 29. Qe5 Qd8 30. Ne8+ Kg8 31. Nf6+ Kh8 32. Ne8+ Kg8 33. Nf6+ 1/2-1/2

[Event "CZE-chT1W 1819"]
[Site "Czech Republic"]
[Date "2019.04.07"]
[Round "11.5"]
[White "Oresky, Jan"]
[Black "Vybiral, Zdenek"]
[Result "1-0"]
[WhiteElo "2193"]
[BlackElo "2260"]
[PlyCount "95"]
[EventDate "2018.10.21"]
[EventType "team-tourn"]
[EventRounds "11"]
[EventCountry "CZE"]
[SourceTitle "CBM 189 Extra"]
[Source "ChessBase"]
[SourceDate "2019.06.03"]
[SourceVersion "1"]
[SourceVersionDate "2019.06.03"]
[SourceQuality "1"]
[WhiteTeam "Praha Oaza"]
[BlackTeam "Ceske Budejovice"]
[WhiteTeamCountry "CZE"]
[BlackTeamCountry "CZE"]

1. e4 e6 2. d4 d5 3. Nc3 Nf6 4. Bg5 Bb4 5. e5 h6 6. Bd2 Bxc3 7. bxc3 Ne4 8. Bd3 Nxd2 9. Qxd2 c5 10. Nf3 0-0 11. 0-0 Qc7 12. g4 f6 13. exf6 Rxf6 14. Ne5 Nc6 15. Nxc6 bxc6 16. f4 Bd7 17. g5 hxg5 18. fxg5 Rxf1+ 19. Rxf1 e5 20. g6 Be6 21. Qg5 Rf8 22. Rxf8+ Kxf8 23. dxe5 Ke8 24. h4 c4 25. Be2 Qb6+ 26. Kg2 Qb1 27. Qd2 Bf5 28. h5 Bxc2 29. Qf4 Bf5 30. Kf2 Qe4 31. Qxe4 Bxe4 32. Ke3 Ke7 33. Kd4 Ke6 34. Bg4+ Ke7 35. Kc5 a5 36. a3 a4 37. Bd1 Ke6 38. Bxa4 Kxe5 39. Bxc6 Kf6 40. Bxd5 Bc2 41. Bxc4 Bd1 42. Kd6 Kg5 43. Bf7 Kxh5 44. c4 Bc2 45. c5 Bxg6 46. Bxg6+ Kxg6 47. c6 Kh5 48. c7 1-0